000 00813nam a2200229 i 4500
001 bg
100 1 _aLECH, Przemysław
245 1 0 _aZintegrowane systemy zarządzania ERP/ERP II :
_bwykorzystanie w biznesie, wdrażanie /
_cPrzemysław Lech.
260 _aWarszawa :
_b"Difin",
_c2003.
300 _a151 s. :
_brys. ;
_c23 cm.
650 9 _aZarządzanie
_xoprogramowanie
650 9 _aZintegrowane systemy informatyczne
_xstosowanie
_xzarządzanie
655 _aPodręczniki
020 _a8372513589
040 _cBPK
041 0 _apol
080 _a658.1/.5.012.4:004.03](07)
920 _a83-7251-358-9
942 _cKS
008 s pl f |000 0 pol
999 _c45621
_d45621
856 _uhttp://koha.tu.koszalin.pl/cgi-bin/koha/opac-detail.pl?biblionumber=45621
_yKatalog online BPK